000 00328nam a22001217a 4500
003 OSt
008 150215b xxu||||| |||| 00| 0 eng d
100 1 _aOhlhues
041 _aeng
245 1 0 _aDafranko, Udforlig Fortegnelse over Danske Frankoafstemplinger
260 _bStella Filatelist Forlag A/S Kobenhavn
_c1947
300 _a0 pages
999 _c731
_d731